Estructura Social de la Argentina. Análisis estadístico
Guardat en:
| Autor principal: | |
|---|---|
| Format: | Text |
| Publicat: |
Buenos Aires:
Solar
|
| Etiquetes: |
Afegir etiqueta
Sense etiquetes, Sigues el primer a etiquetar aquest registre!
|
MARC
| LEADER | 00000 a a2200000 04500 | ||
|---|---|---|---|
| 001 | 23133 | ||
| 003 | |||
| 040 | |||
| 090 | |a 159700 | ||
| 100 | |a Germani, Gino | ||
| 245 | |a Estructura Social de la Argentina. Análisis estadístico | ||
| 260 | |a Buenos Aires: |b Solar | ||
| 300 | |a 278 p. |b **no definido** | ||
| 999 | |c 12003 |d 12003 | ||
